[Event "2. Bundesliga West 2019/20"]
[Site "Festsaal Marktplatz 3, 5620 Schwarzach"]
[Date "2020.01.18"]
[Round "7"]
[Board "2"]
[White "Heinzel, Olaf"]
[Black "Schmidlechner, Alexander"]
[Result "1/2-1/2"]
[WhiteElo "2310"]
[BlackElo "2152"]
[PlyCount "61"]
[EventDate "2019.10.04"]
[EventType "team"]
[EventRounds "11"]
[EventCountry "AUT"]
[WhiteTeam "Rochade/Rum"]
[BlackTeam "SK Hoerbranz"]

1. d4 d5 2. Bf4 Bf5 3. e3 e6 4. Nf3 Nf6 5. Nbd2 Bd6 6. Ne5 h6 7. Be2 Nfd7 8.
Ndf3 Nxe5 9. Nxe5 Nd7 10. Bd3 Bxd3 11. Nxd3 Bxf4 12. Nxf4 Nf6 13. O-O O-O 14.
Rc1 c6 15. c4 Qb6 16. Nd3 Rfe8 17. Qa4 Nd7 18. cxd5 exd5 19. Rc3 Qc7 20. Qc2 a5
21. a4 Qd6 22. Nc5 Nxc5 23. Rxc5 Qd8 24. Qb3 Re7 25. Rb1 Ra6 26. Qa3 Rd7 27. g3
Qa8 28. Qc3 Qa7 29. Kg2 Qa8 30. Kg1 Qd8 31. Kg2  1/2-1/2

[Event "2. Bundesliga West 2019/20"]
[Site "Festsaal Marktplatz 3, 5620 Schwarzach"]
[Date "2020.01.18"]
[Round "7"]
[Board "3"]
[White "Engelhart, Achim"]
[Black "Spornberger, Andre"]
[Result "1-0"]
[WhiteElo "2055"]
[BlackElo "2292"]
[PlyCount "103"]
[EventDate "2019.10.04"]
[EventType "team"]
[EventRounds "11"]
[EventCountry "AUT"]
[WhiteTeam "SK Hoerbranz"]
[BlackTeam "Rochade/Rum"]

1. e4 e6 2. d4 d5 3. Nd2 Nf6 4. e5 Nfd7 5. c3 c5 6. Bd3 cxd4 7. cxd4 Nc6 8. Ne2
f6 9. exf6 Nxf6 10. Nf3 Bd6 11. O-O O-O 12. Bf4 Nh5 13. Bxd6 Qxd6 14. Bb5 Rxf3
15. gxf3 Bd7 16. Bxc6 Bxc6 17. Qd2 Rf8 18. Qe3 Bb5 19. Rfe1 Bxe2 20. Rxe2 Nf4
21. Rd2 Rf5 22. Kh1 Nh3 23. Re1 Ng5 24. Rc2 h6 25. Rg1 Nxf3 26. Rg3 Ng5 27. f3
Kh7 28. Kg2 Nf7 29. Re2 Nd8 30. a3 a5 31. Qb3 Qa6 32. Qc2 Nf7 33. Re1 Nh8 34.
Re5 Ng6 35. Rxf5 Nh4+ 36. Kf2 Nxf5 37. Rg2 Qb6 38. Rg4 h5 39. Rf4 g6 40. h4 Kg7
41. Ke1 Nxd4 42. Qc8 Nf5 43. Qd7+ Kf6 44. Ra4 Qe3+ 45. Kd1 Qxf3+ 46. Kc1 Qe3+
47. Kb1 Qb6 48. Rf4 Ke5 49. Rf1 Qe3 50. Qc7+ Ke4 51. Qc2+ Qd3 52. Rf4+  1-0

[Event "2. Bundesliga West 2019/20"]
[Site "Festsaal Marktplatz 3, 5620 Schwarzach"]
[Date "2020.01.18"]
[Round "7"]
[Board "4"]
[White "Moroder, Stefan"]
[Black "Mittelberger, Peter"]
[Result "1-0"]
[WhiteElo "2255"]
[BlackElo "2174"]
[PlyCount "55"]
[EventDate "2019.10.04"]
[EventType "team"]
[EventRounds "11"]
[EventCountry "AUT"]
[WhiteTeam "Rochade/Rum"]
[BlackTeam "SK Hoerbranz"]

1. d4 g6 2. c4 Bg7 3. Nc3 d6 4. e4 e5 5. Nge2 Nc6 6. d5 Nd4 7. Be3 Nxe2 8. Bxe2
f5 9. exf5 Bxf5 10. g4 Bd7 11. h4 c5 12. h5 gxh5 13. g5 Bg4 14. Bxg4 hxg4 15.
Qxg4 Ne7 16. Qe4 Qd7 17. Rxh7 Rxh7 18. Qxh7 Nf5 19. Qh5+ Ke7 20. O-O-O Rh8 21.
Qf3 Nxe3 22. fxe3 Qh3 23. Qe4 Rh4 24. Qg6 Qxe3+ 25. Kb1 Bf8 26. Qf6+ Ke8 27. g6
Qg3 28. Qf7+  1-0

[Event "2. Bundesliga West 2019/20"]
[Site "Festsaal Marktplatz 3, 5620 Schwarzach"]
[Date "2020.01.18"]
[Round "7"]
[Board "5"]
[White "Goetz, Siegmar"]
[Black "Moritz, Christian"]
[Result "1/2-1/2"]
[WhiteElo "2063"]
[BlackElo "2063"]
[PlyCount "93"]
[EventDate "2019.10.04"]
[EventType "team"]
[EventRounds "11"]
[EventCountry "AUT"]
[WhiteTeam "SK Hoerbranz"]
[BlackTeam "Rochade/Rum"]

1. d4 e6 2. Nf3 f5 3. Bg5 Nf6 4. e3 b6 5. Bd3 Bb7 6. Nbd2 Be7 7. c3 O-O 8. Qc2
d5 9. Ne5 c5 10. O-O Nc6 11. Nxc6 Bxc6 12. f4 Kh8 13. Nf3 h6 14. Ne5 Be8 15.
Bh4 c4 16. Be2 g5 17. fxg5 Ne4 18. Bf3 hxg5 19. Bxe4 dxe4 20. Bg3 b5 21. b3
cxb3 22. axb3 a5 23. c4 Kg7 24. Rad1 Rc8 25. Qe2 Rh8 26. d5 Bh5 27. Qb2 Bxd1
28. Rxd1 Bf6 29. Qe2 Qe8 30. dxe6 Qxe6 31. Rd7+ Kg8 32. Rd5 bxc4 33. bxc4 a4
34. Qd1 Rh6 35. Qxa4 Qb6 36. Qd7 Rf8 37. Qd6 Bxe5 38. Qxb6 Rxb6 39. Bxe5 Kf7
40. Bd4 Rb1+ 41. Kf2 Ke6 42. Re5+ Kd7 43. Ra5 Kc7 44. Ra7+ Rb7 45. Ra5 Rf7 46.
Rc5+ Kd8 47. Ra5  1/2-1/2

[Event "2. Bundesliga West 2019/20"]
[Site "Festsaal Marktplatz 3, 5620 Schwarzach"]
[Date "2020.01.18"]
[Round "7"]
[Board "6"]
[White "Jedinger, Andreas"]
[Black "Kinkel, Janis"]
[Result "1-0"]
[WhiteElo "2092"]
[BlackElo "2045"]
[PlyCount "49"]
[EventDate "2019.10.04"]
[EventType "team"]
[EventRounds "11"]
[EventCountry "AUT"]
[WhiteTeam "Rochade/Rum"]
[BlackTeam "SK Hoerbranz"]

1. e4 c6 2. d4 d5 3. e5 Bf5 4. h4 h6 5. g4 Bg6 6. e6 fxe6 7. Bd3 Bxd3 8. Qxd3
Nf6 9. Ne2 Na6 10. Nf4 Qd6 11. Ng6 Rg8 12. Ne5 g5 13. hxg5 hxg5 14. Nc3 Nd7 15.
Qh7 Nxe5 16. Qxg8 Nf3+ 17. Kf1 O-O-O 18. Qf7 Nxd4 19. Bxg5 Qb4 20. Rb1 Nc5 21.
Be3 e5 22. Rh8 Nd7 23. Bxd4 Qxd4 24. Rg8 Bh6 25. g5  1-0

[Event "2. Bundesliga West 2019/20"]
[Site "Festsaal Marktplatz 3, 5620 Schwarzach"]
[Date "2020.01.18"]
[Round "7"]
[Board "1"]
[White "Eybl, Alexander"]
[Black "Shengelia, David"]
[Result "0-1"]
[WhiteElo "2288"]
[BlackElo "2531"]
[PlyCount "82"]
[EventDate "2019.10.04"]
[EventType "team"]
[EventRounds "11"]
[EventCountry "AUT"]
[WhiteTeam "Pradl"]
[BlackTeam "Absam"]

1. d4 Nf6 2. Nf3 b6 3. g3 Bb7 4. Bg2 g6 5. O-O Bg7 6. c4 O-O 7. d5 e6 8. Nc3
exd5 9. cxd5 Re8 10. Nd4 Na6 11. e4 Nc5 12. Re1 Nxd5 13. Nxd5 Bxd5 14. Nf5 gxf5
15. exd5 Rxe1+ 16. Qxe1 d6 17. Rb1 a5 18. Be3 a4 19. Qc1 Qf6 20. Qc2 Bh6 21.
Bxh6 Qxh6 22. Re1 Qf6 23. Re3 Kf8 24. Bh3 f4 25. Rf3 Qh6 26. Kg2 Qh5 27. Bf5
fxg3 28. hxg3 Re8 29. b4 axb3 30. axb3 Re1 31. Bh3 Qxd5 32. Qxh7 Rg1+ 33. Kxg1
Qxf3 34. Bf5 Qd1+ 35. Kg2 Qd5+ 36. Kg1 Qd1+ 37. Kg2 Qd5+ 38. Kf1 Nxb3 39. Qh6+
Ke7 40. Qh4+ f6 41. Bg6 Qc4+  0-1

[Event "2. Bundesliga West 2019/20"]
[Site "Festsaal Marktplatz 3, 5620 Schwarzach"]
[Date "2020.01.18"]
[Round "7"]
[Board "2"]
[White "Lehner, Oliver"]
[Black "Doskocil, Klaus"]
[Result "1/2-1/2"]
[WhiteElo "2412"]
[BlackElo "2188"]
[PlyCount "67"]
[EventDate "2019.10.04"]
[EventType "team"]
[EventRounds "11"]
[EventCountry "AUT"]
[WhiteTeam "Absam"]
[BlackTeam "Pradl"]

1. Nf3 g6 2. c4 Bg7 3. d4 d6 4. Nc3 Nd7 5. g3 Ngf6 6. Bg2 O-O 7. O-O e5 8. e4
Re8 9. d5 a5 10. b3 Rf8 11. Bg5 h6 12. Bd2 Nc5 13. Qc2 Nh5 14. Ne1 f5 15. f3
Nf6 16. Nd3 Nxd3 17. Qxd3 Bd7 18. exf5 gxf5 19. Rae1 Qe7 20. Nd1 b6 21. Ne3 Nh7
22. f4 e4 23. Qc2 h5 24. h4 Qf7 25. Bc3 Bxc3 26. Qxc3 Qg7 27. Qxg7+ Kxg7 28.
Bh3 Kg6 29. Kf2 Nf6 30. Ke2 Ra7 31. Kd2 Rb8 32. Rc1 Rba8 33. Rc3 Ng8 34. Rfc1
 1/2-1/2

[Event "2. Bundesliga West 2019/20"]
[Site "Festsaal Marktplatz 3, 5620 Schwarzach"]
[Date "2020.01.18"]
[Round "7"]
[Board "3"]
[White "Wohlfahrt, Herbert"]
[Black "Tica, Sven"]
[Result "1/2-1/2"]
[WhiteElo "2265"]
[BlackElo "2418"]
[PlyCount "37"]
[EventDate "2019.10.04"]
[EventType "team"]
[EventRounds "11"]
[EventCountry "AUT"]
[WhiteTeam "Pradl"]
[BlackTeam "Absam"]

1. Nf3 d5 2. c4 e6 3. g3 Nf6 4. Bg2 Be7 5. O-O O-O 6. b3 b6 7. Bb2 Bb7 8. e3 c6
9. Nc3 a5 10. d4 Na6 11. Qe2 Rc8 12. Rfd1 Qc7 13. Rac1 Rfe8 14. Ne5 Qb8 15. Na4
Qa7 16. Nc3 Qb8 17. Na4 Qa7 18. Nc3 Qb8 19. Na4  1/2-1/2

[Event "2. Bundesliga West 2019/20"]
[Site "Festsaal Marktplatz 3, 5620 Schwarzach"]
[Date "2020.01.18"]
[Round "7"]
[Board "4"]
[White "Deglmann, Ludwig"]
[Black "Niedermair, Hannes"]
[Result "1-0"]
[WhiteElo "2258"]
[BlackElo "2014"]
[PlyCount "45"]
[EventDate "2019.10.04"]
[EventType "team"]
[EventRounds "11"]
[EventCountry "AUT"]
[WhiteTeam "Absam"]
[BlackTeam "Pradl"]

1. c4 f5 2. Nf3 Nf6 3. Nc3 g6 4. d4 Bg7 5. Bf4 d6 6. e3 O-O 7. Be2 c6 8. c5 h6
9. Qb3+ Kh7 10. h4 Ne4 11. Nxe4 fxe4 12. Ng5+ Kh8 13. Nf7+ Rxf7 14. Qxf7 dxc5
15. Be5 Bxe5 16. dxe5 Nd7 17. Qxg6 Qf8 18. Qxe4 Nb6 19. Bd3 Qg7 20. e6 c4 21.
Bc2 Nd5 22. O-O-O b5 23. Rh3  1-0

[Event "2. Bundesliga West 2019/20"]
[Site "Festsaal Marktplatz 3, 5620 Schwarzach"]
[Date "2020.01.18"]
[Round "7"]
[Board "5"]
[White "Praxmarer, Christian"]
[Black "De Francesco, Klaus"]
[Result "1/2-1/2"]
[WhiteElo "1968"]
[BlackElo "2276"]
[PlyCount "63"]
[EventDate "2019.10.04"]
[EventType "team"]
[EventRounds "11"]
[EventCountry "AUT"]
[WhiteTeam "Pradl"]
[BlackTeam "Absam"]

1. e4 e6 2. d4 d5 3. Nc3 Nf6 4. e5 Nfd7 5. Nf3 c5 6. Bg5 Qb6 7. Bb5 a6 8. Bxd7+
Bxd7 9. O-O Qxb2 10. Bd2 Qb6 11. Rb1 Qc7 12. Re1 h6 13. Be3 b5 14. Ne2 cxd4 15.
Qxd4 Nc6 16. Qh4 Be7 17. Qg3 g6 18. a4 b4 19. c3 a5 20. Rec1 Qb7 21. c4 dxc4
22. Rxc4 Rc8 23. Nc3 Na7 24. Qf4 g5 25. Qd4 Rxc4 26. Qxc4 Qc6 27. Qd4 bxc3 28.
Qxa7 Bb4 29. Nd4 Qc8 30. Nc2 O-O 31. h4 f6 32. exf6  1/2-1/2

[Event "2. Bundesliga West 2019/20"]
[Site "Festsaal Marktplatz 3, 5620 Schwarzach"]
[Date "2020.01.18"]
[Round "7"]
[Board "6"]
[White "Schnegg, Daniel"]
[Black "Sovago, Philipp"]
[Result "0-1"]
[WhiteElo "2134"]
[BlackElo "1902"]
[PlyCount "62"]
[EventDate "2019.10.04"]
[EventType "team"]
[EventRounds "11"]
[EventCountry "AUT"]
[WhiteTeam "Absam"]
[BlackTeam "Pradl"]

1. f4 Nh6 2. Nf3 g6 3. e4 Bg7 4. Nc3 c5 5. d3 d6 6. g3 Nc6 7. Bg2 O-O 8. O-O f5
9. Ne2 Qb6 10. Kh1 Bd7 11. h3 Nf7 12. Rb1 Rac8 13. exf5 gxf5 14. Bd2 e5 15.
fxe5 dxe5 16. Nc3 Ne7 17. Kh2 Qd6 18. Nh4 b5 19. a3 a5 20. Ne2 a4 21. Nc3 Nh8
22. Bg5 Nhg6 23. Qh5 b4 24. Nd1 f4 25. gxf4 exf4 26. Bf3 Nf5 27. Nxf5 Rxf5 28.
Qg4 Ne5 29. Qg2 Nxf3+ 30. Rxf3 Bc6 31. Bh4 Qd5  0-1

[Event "2. Bundesliga West 2019/20"]
[Site "Festsaal Marktplatz 3, 5620 Schwarzach"]
[Date "2020.01.18"]
[Round "7"]
[Board "1"]
[White "Hoefelsauer, Thomas"]
[Black "Mons, Leon"]
[Result "1/2-1/2"]
[WhiteElo "2365"]
[BlackElo "2552"]
[PlyCount "69"]
[EventDate "2019.10.04"]
[EventType "team"]
[EventRounds "11"]
[EventCountry "AUT"]
[WhiteTeam "Wolfurt"]
[BlackTeam "Royal Salzburg"]

1. d4 Nf6 2. Nf3 e6 3. c4 a6 4. g3 b5 5. b3 Bb7 6. Bg2 c5 7. O-O bxc4 8. bxc4
cxd4 9. Nbd2 Qc7 10. Nb3 Be7 11. Bf4 Qc8 12. Qxd4 O-O 13. Qb6 Be4 14. Nbd2 Bc6
15. Rab1 d6 16. Nb3 Nbd7 17. Qa5 e5 18. Bd2 Bd8 19. Qa3 Ne4 20. Bb4 Nec5 21.
Nxc5 dxc5 22. Bxc5 Nxc5 23. Qxc5 Bxf3 24. Qxc8 Rxc8 25. Bxf3 Rxc4 26. Rfc1 Rd4
27. Rd1 Rxd1+ 28. Rxd1 f5 29. Bd5+ Kh8 30. Be6 g6 31. Rd5 e4 32. Rd7 a5 33. e3
Bf6 34. Kg2 Re8 35. Bd5  1/2-1/2

[Event "2. Bundesliga West 2019/20"]
[Site "Festsaal Marktplatz 3, 5620 Schwarzach"]
[Date "2020.01.18"]
[Round "7"]
[Board "2"]
[White "Durakovic, Alman"]
[Black "Neuberger, Guido"]
[Result "1/2-1/2"]
[WhiteElo "2292"]
[BlackElo "2246"]
[PlyCount "120"]
[EventDate "2019.10.04"]
[EventType "team"]
[EventRounds "11"]
[EventCountry "AUT"]
[WhiteTeam "Royal Salzburg"]
[BlackTeam "Wolfurt"]

1. d4 d5 2. c4 Bf5 3. cxd5 Bxb1 4. Qa4+ c6 5. Rxb1 Qxd5 6. Nf3 Nd7 7. b4 e6 8.
e3 a5 9. bxa5 Rxa5 10. Qb3 b5 11. a3 Ngf6 12. Qc3 Ra4 13. Bd3 Ne4 14. Qc2 f5
15. O-O Be7 16. Nd2 Nd6 17. Bb2 Nb6 18. e4 fxe4 19. Nxe4 Nxe4 20. Bxe4 Rc4 21.
Qe2 Qd6 22. Bd3 O-O 23. Bxc4 Nxc4 24. Rfe1 Bf6 25. Qxe6+ Qxe6 26. Rxe6 Rc8 27.
Bc1 Bxd4 28. Rb3 Bc5 29. g3 Kf7 30. Re4 Ra8 31. a4 Nd6 32. Rf4+ Ke6 33. axb5
cxb5 34. Be3 Ra3 35. Rxa3 Bxa3 36. Kf1 Nf5 37. Bd2 Bd6 38. Rf3 Nd4 39. Rd3 Kd5
40. Bc3 Bc5 41. Ke1 Kc4 42. Kd2 b4 43. Bxd4 Bxd4 44. Rf3 Bc3+ 45. Kc1 b3 46.
Rf7 Kd3 47. Re7 b2+ 48. Kb1 Bf6 49. Re8 Kc4 50. f3 Kd5 51. h4 g6 52. g4 Bxh4
53. Kxb2 h5 54. gxh5 gxh5 55. f4 Bg3 56. f5 Be5+ 57. Kc2 h4 58. Kd3 h3 59. Rc8
h2 60. Rc1 Bd4  1/2-1/2

[Event "2. Bundesliga West 2019/20"]
[Site "Festsaal Marktplatz 3, 5620 Schwarzach"]
[Date "2020.01.18"]
[Round "7"]
[Board "3"]
[White "Janko, Ladislav"]
[Black "Goldbeck, Lars"]
[Result "1/2-1/2"]
[WhiteElo "2184"]
[BlackElo "2203"]
[PlyCount "56"]
[EventDate "2019.10.04"]
[EventType "team"]
[EventRounds "11"]
[EventCountry "AUT"]
[WhiteTeam "Wolfurt"]
[BlackTeam "Royal Salzburg"]

1. e4 c5 2. Nf3 d6 3. c3 Nf6 4. h3 Nc6 5. Bd3 d5 6. e5 Nd7 7. Qe2 Qc7 8. Bb5 e6
9. O-O a6 10. Bxc6 Qxc6 11. d4 h6 12. Be3 b6 13. Nh2 a5 14. Rd1 Ba6 15. Qf3 Be7
16. Nd2 O-O 17. Qh5 Bd3 18. Ndf1 Bg6 19. Qg4 Kh7 20. f4 f6 21. Ng3 fxe5 22.
fxe5 b5 23. h4 c4 24. h5 Bd3 25. Rxd3 cxd3 26. Qg6+ Kh8 27. Ng4 Qb6 28. Bxh6
gxh6  1/2-1/2

[Event "2. Bundesliga West 2019/20"]
[Site "Festsaal Marktplatz 3, 5620 Schwarzach"]
[Date "2020.01.18"]
[Round "7"]
[Board "4"]
[White "Leeb, Simon"]
[Black "Bischofberger, Dario"]
[Result "1-0"]
[WhiteElo "2203"]
[BlackElo "2152"]
[PlyCount "79"]
[EventDate "2019.10.04"]
[EventType "team"]
[EventRounds "11"]
[EventCountry "AUT"]
[WhiteTeam "Royal Salzburg"]
[BlackTeam "Wolfurt"]

1. d4 Nf6 2. c4 e6 3. a3 d5 4. Nf3 Be7 5. Bf4 b6 6. e3 O-O 7. Nc3 Bb7 8. Rc1 c5
9. dxc5 bxc5 10. Be2 Nbd7 11. O-O Rc8 12. h3 Qb6 13. Qc2 Bd6 14. Bxd6 Qxd6 15.
Rfd1 Qc7 16. cxd5 exd5 17. Qf5 Rfd8 18. b4 c4 19. Rb1 Bc6 20. Nd4 Nb6 21. Nxc6
Qxc6 22. Bf3 Qe6 23. Qf4 Rd7 24. Rd4 Rcd8 25. Rbd1 h6 26. h4 Kf8 27. g4 Rd6 28.
e4 R6d7 29. e5 Ne4 30. Bxe4 dxe4 31. Qxe4 Rxd4 32. Rxd4 Re8 33. Qh7 Nd7 34. Nd5
f6 35. Nc7 Qxe5 36. Qh8+ Kf7 37. Qxe8+ Qxe8 38. Nxe8 Kxe8 39. Rxc4 Ne5 40. Rc7
 1-0

[Event "2. Bundesliga West 2019/20"]
[Site "Festsaal Marktplatz 3, 5620 Schwarzach"]
[Date "2020.01.18"]
[Round "7"]
[Board "5"]
[White "Kalcher, Mathias"]
[Black "Mueller, Philipp"]
[Result "0-1"]
[WhiteElo "2138"]
[BlackElo "2135"]
[PlyCount "120"]
[EventDate "2019.10.04"]
[EventType "team"]
[EventRounds "11"]
[EventCountry "AUT"]
[WhiteTeam "Wolfurt"]
[BlackTeam "Royal Salzburg"]

1. c4 c6 2. Nf3 d5 3. e3 g6 4. Nc3 Nf6 5. d4 Bg7 6. Bd3 O-O 7. O-O Re8 8. Ne5
c5 9. Qf3 cxd4 10. Nxd5 Nbd7 11. Nxd7 Nxd7 12. exd4 e6 13. Nc3 Bxd4 14. Be4 f5
15. Bc2 Ne5 16. Qe2 Bd7 17. Nb5 Bxb5 18. cxb5 Qf6 19. Bb3 Rad8 20. Be3 Bxb2 21.
Rad1 b6 22. Rfe1 Bc3 23. Bd2 Nd3 24. Bxc3 Qxc3 25. Rf1 Nf4 26. Qe1 Rxd1 27.
Qxd1 Qd3 28. Qa1 Qe4 29. f3 Qe3+ 30. Kh1 Qd2 31. Rg1 Nd3 32. Rf1 Kf7 33. Qd4
Rd8 34. Qh4 h5 35. h3 Rd7 36. Qc4 Nf4 37. Rg1 g5 38. Qc8 Rd8 39. Qc7+ Qd7 40.
Rc1 Nd3 41. Qxd7+ Rxd7 42. Rc8 h4 43. Bc4 Nf4 44. Bb3 Rd2 45. Rc7+ Kf6 46. Rxa7
Nxg2 47. Rc7 Ke5 48. Rc2 Rxc2 49. Bxc2 Nf4 50. a4 Kd6 51. Kh2 Kc5 52. Bd1 Kb4
53. Kg1 Nxh3+ 54. Kg2 Nf4+ 55. Kh2 Nd5 56. Kh3 Ne3 57. Be2 e5 58. Bd3 Kxa4 59.
Kh2 Kb4 60. Kh3 Kc3  0-1

[Event "2. Bundesliga West 2019/20"]
[Site "Festsaal Marktplatz 3, 5620 Schwarzach"]
[Date "2020.01.18"]
[Round "7"]
[Board "6"]
[White "Wieneroiter, Gerald"]
[Black "Bahl, Felix"]
[Result "1/2-1/2"]
[WhiteElo "2147"]
[BlackElo "2009"]
[PlyCount "66"]
[EventDate "2019.10.04"]
[EventType "team"]
[EventRounds "11"]
[EventCountry "AUT"]
[WhiteTeam "Royal Salzburg"]
[BlackTeam "Wolfurt"]

1. Nf3 Nf6 2. c4 e6 3. d4 d5 4. Nc3 c6 5. e3 Nbd7 6. Bd3 dxc4 7. Bxc4 b5 8. Bd3
a6 9. O-O Bb7 10. Qe2 Be7 11. e4 c5 12. d5 c4 13. Bc2 Nc5 14. Rd1 exd5 15. e5
Ng4 16. Nd4 Nh6 17. Bxh6 gxh6 18. f4 Qb6 19. Kh1 O-O-O 20. Qh5 Rhf8 21. Nf5 Qc7
22. Ne2 Ne6 23. Nxe7+ Qxe7 24. Bf5 Kb8 25. Bxe6 fxe6 26. Qxh6 d4 27. Rxd4 Rg8
28. Rxd8+ Qxd8 29. Ng3 Qd2 30. Rg1 Bxg2+ 31. Rxg2 Qd1+ 32. Rg1 Qd5+ 33. Rg2
Qd1+  1/2-1/2

[Event "2. Bundesliga West 2019/20"]
[Site "Festsaal Marktplatz 3, 5620 Schwarzach"]
[Date "2020.01.18"]
[Round "7"]
[Board "1"]
[White "Berchtenbreiter, Maximilian"]
[Black "Krstic, Uros"]
[Result "1/2-1/2"]
[WhiteElo "2467"]
[BlackElo "2354"]
[PlyCount "88"]
[EventDate "2019.10.04"]
[EventType "team"]
[EventRounds "11"]
[EventCountry "AUT"]
[WhiteTeam "Hohenems II"]
[BlackTeam "Schwarzach"]

1. e4 c6 2. d4 d5 3. exd5 cxd5 4. c4 Nf6 5. Nc3 e6 6. Nf3 Bb4 7. Bd3 dxc4 8.
Bxc4 O-O 9. O-O Bd7 10. Bg5 h6 11. Bh4 Be7 12. Re1 Bc6 13. Ne5 Nbd7 14. Nxc6
bxc6 15. Bb3 Re8 16. Rc1 Rc8 17. Bg3 Qa5 18. Re2 Red8 19. Qe1 Nf8 20. Be5 Ng4
21. Re4 Nxe5 22. dxe5 c5 23. g3 Rd4 24. Nb5 Qxe1+ 25. Rcxe1 Rxe4 26. Rxe4 a6
27. Na3 Nd7 28. Bc4 Nb8 29. Re3 Rd8 30. Kf1 Rd2 31. Rb3 Nc6 32. Rb7 Kf8 33. Ke1
Rd8 34. f4 g5 35. Bxa6 gxf4 36. gxf4 Rd4 37. Bb5 Nb4 38. Ke2 Rxf4 39. Nc4 Nxa2
40. Nd6 Nb4 41. Rb8+ Kg7 42. Rb7 Kf8 43. Rb8+ Kg7 44. Rb7 Kf8  1/2-1/2

[Event "2. Bundesliga West 2019/20"]
[Site "Festsaal Marktplatz 3, 5620 Schwarzach"]
[Date "2020.01.18"]
[Round "7"]
[Board "2"]
[White "Biti, Ozren"]
[Black "Atlas, Dmitry"]
[Result "1-0"]
[WhiteElo "2366"]
[BlackElo "2221"]
[PlyCount "115"]
[EventDate "2019.10.04"]
[EventType "team"]
[EventRounds "11"]
[EventCountry "AUT"]
[WhiteTeam "Schwarzach"]
[BlackTeam "Hohenems II"]

1. e4 e6 2. Qe2 Be7 3. Nf3 d5 4. d3 Nf6 5. g3 c5 6. Bg2 Nc6 7. O-O O-O 8. e5
Nd7 9. c4 b5 10. cxb5 Na5 11. Qc2 a6 12. a4 c4 13. dxc4 Nxc4 14. Re1 axb5 15.
b3 Ncb6 16. Nd4 b4 17. Nc6 Qe8 18. Be3 Ba6 19. a5 Nc8 20. Nd2 Nb8 21. Nxe7+
Nxe7 22. Nf3 Qd7 23. Ng5 Ng6 24. Rad1 Rc8 25. Qb1 h6 26. Nxe6 fxe6 27. Qxg6 Nc6
28. Bxh6 Qf7 29. Qg4 Ra7 30. Be3 Rd7 31. f4 Ne7 32. Rc1 Rc3 33. Bd2 Rxb3 34.
Qd1 Bc4 35. Be3 Nc6 36. Bb6 Nb8 37. Qd2 Na6 38. Bh3 Rd3 39. Qf2 g6 40. Bf1 Rc3
41. Rxc3 bxc3 42. Rc1 Qf5 43. Rxc3 Qb1 44. Re3 d4 45. Re1 Qb4 46. Rd1 d3 47.
Qf3 Qb3 48. Rd2 Qc3 49. Be3 Nb4 50. Qa8+ Kg7 51. Qc8 Rf7 52. Kf2 Nd5 53. Bxd3
Rc7 54. Qxe6 Nxf4 55. Qf6+ Kh7 56. Qh4+ Kg7 57. Bxc4 Rxc4 58. gxf4  1-0

[Event "2. Bundesliga West 2019/20"]
[Site "Festsaal Marktplatz 3, 5620 Schwarzach"]
[Date "2020.01.18"]
[Round "7"]
[Board "3"]
[White "Hofer, Emilian"]
[Black "Brumen, Dinko"]
[Result "0-1"]
[WhiteElo "2192"]
[BlackElo "2317"]
[PlyCount "100"]
[EventDate "2019.10.04"]
[EventType "team"]
[EventRounds "11"]
[EventCountry "AUT"]
[WhiteTeam "Hohenems II"]
[BlackTeam "Schwarzach"]

1. e4 e6 2. d4 d5 3. Nd2 h6 4. Ngf3 Nf6 5. e5 Nfd7 6. Bd3 c5 7. c3 Nc6 8. O-O
Qb6 9. dxc5 Bxc5 10. Qe2 a5 11. Nb3 Be7 12. Nbd4 g5 13. h3 Rg8 14. a4 h5 15. g4
Nc5 16. Bc2 Bd7 17. Nb5 Na7 18. Nfd4 Nxb5 19. axb5 Ne4 20. Bxe4 dxe4 21. Qxe4
hxg4 22. hxg4 Bc5 23. Be3 Bxd4 24. Qxd4 Qxb5 25. Qc5 Qe2 26. f3 Rc8 27. Rf2
Rxc5 28. Rxe2 Rxe5 29. Ree1 Bc6 30. Kg2 f5 31. Bd4 Rxe1 32. Rxe1 fxg4 33. Rxe6+
Kd7 34. Re5 gxf3+ 35. Kg3 a4 36. Kg4 Rf8 37. Rf5 Re8 38. Kxg5 Re2 39. c4 Rd2
40. Bc5 Rg2+ 41. Kf4 Rxb2 42. Ke5 Re2+ 43. Kd4 Ke6 44. Rf8 Re5 45. Bb6 a3 46.
Kd3 a2 47. Bd4 Re1 48. Ra8 Rd1+ 49. Ke3 Rxd4 50. Kxd4 f2  0-1

[Event "2. Bundesliga West 2019/20"]
[Site "Festsaal Marktplatz 3, 5620 Schwarzach"]
[Date "2020.01.18"]
[Round "7"]
[Board "4"]
[White "Ruecker, Benjamin"]
[Black "Novkovic, Julia"]
[Result "1/2-1/2"]
[WhiteElo "2238"]
[BlackElo "2146"]
[PlyCount "62"]
[EventDate "2019.10.04"]
[EventType "team"]
[EventRounds "11"]
[EventCountry "AUT"]
[WhiteTeam "Schwarzach"]
[BlackTeam "Hohenems II"]

1. Nf3 Nf6 2. d4 g6 3. g3 Bg7 4. Bg2 O-O 5. O-O d6 6. b3 a5 7. Bb2 Bd7 8. c4
Qc8 9. Re1 Bh3 10. Bh1 h6 11. Nc3 Ng4 12. Nd5 Nc6 13. Nf4 Nf6 14. Nxh3 Qxh3 15.
e4 Qc8 16. Qd2 Rd8 17. Rac1 e5 18. d5 Ne7 19. Bg2 Nd7 20. Bh3 Qb8 21. Qc2 Nc5
22. Nd2 c6 23. a3 b5 24. dxc6 Nxc6 25. cxb5 Qxb5 26. Bf1 Qb6 27. Bc4 Rab8 28.
Rb1 Ne6 29. Qd1 Ned4 30. Bxd4 Qxd4 31. Re3 Qc5  1/2-1/2

[Event "2. Bundesliga West 2019/20"]
[Site "Festsaal Marktplatz 3, 5620 Schwarzach"]
[Date "2020.01.18"]
[Round "7"]
[Board "5"]
[White "Lins, Philipp"]
[Black "Ljubic, Juro"]
[Result "1/2-1/2"]
[WhiteElo "2130"]
[BlackElo "2162"]
[PlyCount "38"]
[EventDate "2019.10.04"]
[EventType "team"]
[EventRounds "11"]
[EventCountry "AUT"]
[WhiteTeam "Hohenems II"]
[BlackTeam "Schwarzach"]

1. Nf3 Nf6 2. c4 e6 3. b3 b6 4. g3 Bb7 5. Bg2 Be7 6. O-O O-O 7. Bb2 c5 8. Nc3
d5 9. cxd5 Nxd5 10. Nxd5 Bxd5 11. Qc2 Bf6 12. Rfd1 Bxb2 13. Qxb2 Nd7 14. Rac1
Rc8 15. d3 Qe7 16. Nd2 Nf6 17. Nf3 Nd7 18. Nd2 Nf6 19. Nf3 Nd7  1/2-1/2

[Event "2. Bundesliga West 2019/20"]
[Site "Festsaal Marktplatz 3, 5620 Schwarzach"]
[Date "2020.01.18"]
[Round "7"]
[Board "6"]
[White "Stoeckl, Norbert"]
[Black "Heinrici, Simon"]
[Result "0-1"]
[WhiteElo "2054"]
[BlackElo "2131"]
[PlyCount "76"]
[EventDate "2019.10.04"]
[EventType "team"]
[EventRounds "11"]
[EventCountry "AUT"]
[WhiteTeam "Schwarzach"]
[BlackTeam "Hohenems II"]

1. e4 e5 2. Nf3 Nc6 3. Bb5 a6 4. Ba4 b5 5. Bb3 Nf6 6. O-O Bc5 7. c3 d6 8. d4
Bb6 9. Re1 O-O 10. h3 h6 11. a4 Rb8 12. Na3 b4 13. Nc4 bxc3 14. bxc3 exd4 15.
Nxb6 Rxb6 16. cxd4 a5 17. Bf4 Re8 18. Rc1 Ba6 19. e5 dxe5 20. Nxe5 Nxe5 21.
Bxe5 c6 22. Qf3 Nd5 23. Qg3 Qg5 24. Qf3 Be2 25. Qxe2 Rxb3 26. Qc4 Rb6 27. g3
Re6 28. Kg2 Rb2 29. Qc5 Qd2 30. Rf1 Ne3+ 31. Kg1 Nxf1 32. Rxf1 Qb4 33. Qc1 c5
34. Qf4 cxd4 35. Bxd4 Rd2 36. Rc1 Re8 37. Be5 Qxf4 38. Bxf4 Rd4  0-1